My 10 Least Favorite EMINƎM Songs - Statistics

General Stats
  • This quiz has been taken 25 times
    14 since last reset
  • The average score is 4 of 10
Answer Stats
Hint Answer % Correct
The Marshall Mathers LP Kim
80%
𝘒𝘈𝘔𝘐𝘒𝘈𝘡Ǝ Nice Guy
60%
ƎNCORE Big Weenie
50%
ƎNCORE Puke
40%
The Slim Shady LP '97 Bonnie & Clyde
30%
RƎVIVAL Heat
30%
ƎNCORE My 1st Single
30%
KAMIKAZƎ Normal
20%
RƎVIVAL Chloraseptic
10%
The Slim Shady LP Come on Everybody
10%
No matching quizzes found
Score Distribution
Percent of People with Each Score
Percentile by Number Answered
Your Score History
You have not taken this quiz since the last reset